| 000 | 00000nam##2200000za#4500 |
| 001 | 9.576386 |
| 003 | CaOODSP |
| 005 | 20210624185120 |
| 007 | cr ||||||||||| |
| 008 | 150406|1982||||xxc|||||o f|0| 0 eng|d |
| 040 | |aCaOODSP|beng |
| 043 | |an-cn--- |
| 086 | 1 |aFs97-13/342E-PDF |
| 110 | 1 |aCanada. |bDepartment of Fisheries and Oceans. |
| 245 | 10|aMeiofauna counts from the Fraser River, 1980 and 1981 Fraser foreshore core samples / |h[electronic resource]|cby J.R. Sibert, T.J. Brown, and B.A. Kask. |
| 260 | |aNanaimo - British Columbia : |bFisheries and Oceans Canada |c1982. |
| 300 | |a126p.|breferences, tables |
| 490 | 1 |aCanadian data report of fisheries and aquatic sciences|vNo. 342 |
| 500 | |aOn t.p.: Pacific Biological Station, Nanaimo, British Columbia. Catalogue number of the print edition appears in the PDF version. |
| 546 | |a(Résumé en français) |
| 590 | |a13-12-Supp|b2013-05-10 |
| 720 | 1 |aSibert, J. R. |
| 720 | 1 |aBrown, T. J. |
| 720 | 1 |aKask, B. A. |
| 830 | #0|aCanadian data report of fisheries and aquatic sciences ;|vNo. 342|w(CaOODSP)9.505124 |
| 856 | 40|ahttp://publications.gc.ca|qPDF|s1113 KB|uhttps://publications.gc.ca/collections/collection_2013/mpo-dfo/Fs97-13-342-eng.pdf|yNo. 342 |